Violencia de género: la violencia sexual a debate

Збережено в:
Бібліографічні деталі
Автори: Lameiras Fernández, María (Автор), Iglesias Canle, Inés (Автор)
Формат: Книга
Мова:Іспанська
Опубліковано: Valencia Tirant Lo Blanch 2011
Серія:Tirant Monografías, 722
Предмети:
Теги: Додати тег
Немає тегів, Будьте першим, хто поставить тег для цього запису!

MARC

LEADER 00000nam a2200000 a 4500
001 UCG7008
003 CL-VaPUC
008 110609e20110000SP |||||||||||||||||spa|d
020 |a 9788499850498 
082 0 4 |a 364.153  |b LAM  |2 21 
100 |a Lameiras Fernández, María  |e author  |9 557528 
700 0 |a Iglesias Canle, Inés  |e author  |9 557529 
245 1 0 |a Violencia de género: la violencia sexual a debate 
300 |a 307 p 
942 |c BK 
945 |d 20110609 00:00:00  |a dcastane 
260 |a Valencia  |b Tirant Lo Blanch  |c 2011 
650 0 |a Violencia sexual  |9 329832 
650 0 |a Violencia en el hogar  |9 334209 
650 0 |a Violencia intrafamiliar  |9 312986 
650 0 |a Sexualidad  |9 358183 
583 |a last modification  |c 20180326 12:34:54  |k Rodrigo Vera 
490 0 |a Tirant Monografías, 722 
999 |c 345112  |d 345110 
952 |0 0  |1 0  |4 0  |6 364_153000000000000_LAM_2011  |7 0  |8 A  |9 443573  |a BIBEDU  |b BIBEDU  |d 2019-11-22  |i 4783603  |o 364.153 LAM 2011  |p 4783603  |r 2019-11-22  |w 2019-11-22  |y BK  |k PSI